[Event "12. Friedrichrodaer Open"]
[Site "Friedrichroda"]
[Date "2008.08.07"]
[Round "2.8"]
[White "Bauer, Andreas"]
[Black "Horatschek, Stefan"]
[Result "1/2-1/2"]
[WhiteElo "1986"]
[BlackElo "2061"]
[PlyCount "43"]
[EventDate "2008.08.??"]
[EventType "swiss"]
[EventRounds "7"]
[WhiteTeam "SC Emmendingen 1937 e.V."]
[BlackTeam "SV Jenapharm Jena"]

1. e4 c6 2. d4 d5 3. e5 c5 4. dxc5 e6 5. Be3 Nc6 6. Bb5 Nh6 7. c3 Bd7 8. Bxc6
Bxc6 9. Nf3 Nf5 10. Bd4 Nxd4 11. Qxd4 b6 12. cxb6 axb6 13. O-O g5 14. b3 g4 15.
Qxg4 h5 16. Qh3 d4 17. Nxd4 Bb7 18. Nd2 Bc5 19. N2f3 Rg8 20. Rfd1 Qd5 21. Kh1
O-O-O 22. Rd2 1/2-1/2

[Event "12. Friedrichrodaer Open"]
[Site "Friedrichroda"]
[Date "2008.08.07"]
[Round "2.9"]
[White "Michalowski, Peter"]
[Black "Wüst, Michael"]
[Result "1/2-1/2"]
[WhiteElo "2038"]
[BlackElo "2041"]
[PlyCount "56"]
[EventDate "2008.08.??"]
[EventType "swiss"]
[EventRounds "7"]
[WhiteTeam "SV Empor Erfurt"]
[BlackTeam "PTSV SK Hof 1892"]

1. e4 e6 2. d4 d5 3. Nc3 dxe4 4. Nxe4 Bd7 5. Nf3 Bc6 6. Bd3 Nd7 7. O-O Bxe4 8.
Bxe4 c6 9. Bf4 Ngf6 10. Bd3 Be7 11. c3 O-O 12. h3 c5 13. dxc5 Nxc5 14. Be2 Qxd1
15. Rfxd1 Rfd8 16. Bc7 Rxd1+ 17. Rxd1 Rc8 18. Bf4 Nd5 19. Bc1 h6 20. Bc4 Nf6
21. Bb3 Nxb3 22. axb3 Rd8 23. Rxd8+ Bxd8 24. Be3 a6 25. Kf1 Nd5 26. Ke2 Nxe3
27. Kxe3 Bb6+ 28. Ke2 f6 1/2-1/2

[Event "12. Friedrichrodaer Open"]
[Site "Friedrichroda"]
[Date "2008.08.07"]
[Round "2.10"]
[White "Geisler, Reinhard"]
[Black "Stiefel, Roland"]
[Result "0-1"]
[WhiteElo "2042"]
[BlackElo "2056"]
[PlyCount "128"]
[EventDate "2008.08.??"]
[EventType "swiss"]
[EventRounds "7"]
[WhiteTeam "Schachklub Werther 1949 e.V."]
[BlackTeam "ZSG Grün-Weiß Waltershausen"]

1. d4 Nf6 2. Bf4 d6 3. Nf3 g6 4. h3 Bg7 5. e3 O-O 6. Be2 Nbd7 7. O-O c5 8. c3
Qb6 9. Qc2 Re8 10. Nbd2 Qc7 11. Rac1 b6 12. Bh2 Bb7 13. b4 Rac8 14. Qb2 Ba8 15.
Rfd1 Nf8 16. a4 N6d7 17. Ba6 Rb8 18. Bb5 Bc6 19. Bxc6 Qxc6 20. Qb3 Nf6 21. b5
Qd5 22. c4 Qh5 23. Ra1 Ne6 24. d5 Nc7 25. Ra2 g5 26. Nf1 Ne4 27. Ng3 Nxg3 28.
Bxg3 f5 29. Re1 Qg6 30. Qd3 Rf8 31. Bh2 Ne8 32. Nd2 Nf6 33. a5 g4 34. h4 Nh5
35. Bf4 g3 36. fxg3 Nxg3 37. Nf3 Ne4 38. axb6 axb6 39. Ra6 Bf6 40. Ng5 Nxg5 41.
hxg5 Bxg5 42. Rf1 h5 43. Ra2 Rf7 44. Rf3 Bxf4 45. Rxf4 e5 46. dxe6 Qxe6 47.
Raf2 Rbf8 48. Rd2 Rf6 49. Qe2 Rh6 50. Rd5 Rf7 51. Qd3 Rhf6 52. Qe2 Rg7 53. Qd3
Rg5 54. Kf1 Kf7 55. Kg1 Kg6 56. e4 fxe4 57. Rxe4 Rxd5 58. cxd5 Qf5 59. Qg3+ Kh6
60. Qe3+ Qg5 61. Qe2 Qc1+ 62. Kh2 Qg5 63. Re6 Rg6 64. Rxd6 Rxd6 0-1

[Event "12. Friedrichrodaer Open"]
[Site "Friedrichroda"]
[Date "2008.08.07"]
[Round "2.11"]
[White "Bohatschek, Daniel"]
[Black "Wahlicht, Mike"]
[Result "1-0"]
[WhiteElo "1955"]
[BlackElo "2002"]
[PlyCount "111"]
[EventDate "2008.08.??"]
[EventType "swiss"]
[EventRounds "7"]
[WhiteTeam "ZSG Grün-Weiß Waltershausen"]
[BlackTeam "SV Empor Erfurt"]

1. e4 c5 2. Nc3 Nc6 3. f4 d6 4. Bc4 g6 5. Nf3 Bg4 6. Bxf7+ Kxf7 7. Ng5+ Ke8 8.
Qxg4 Nd4 9. Qd1 Qd7 10. O-O Bg7 11. d3 Nh6 12. Nd5 e6 13. Ne3 Rc8 14. c3 Nc6
15. Ng4 Qe7 16. Be3 Kd7 17. Nxh6 Bxh6 18. Qb3 Rc7 19. Qxe6+ Qxe6 20. Nxe6 Rcc8
21. Ng5 Bxg5 22. fxg5 Rhf8 23. Rxf8 Rxf8 24. Rf1 Rxf1+ 25. Kxf1 a6 26. Ke2 Ke6
27. Bf4 b5 28. a3 d5 29. exd5+ Kxd5 30. b3 c4 31. dxc4+ bxc4 32. b4 Ke4 33. Bc7
Ne7 34. Kd2 Nd5 35. Bd6 Ne3 36. a4 Nxg2 37. b5 axb5 38. axb5 Kd5 39. Bc7 Nh4
40. b6 Kc6 41. Ke3 Nf5+ 42. Ke4 Ng7 43. Kd4 Ne6+ 44. Kxc4 Nxg5 45. Kb4 Ne6 46.
Kc4 g5 47. Kd3 Nc5+ 48. Kd4 Na4 49. c4 g4 50. Ke5 Nb2 51. Kf5 Nxc4 52. Kxg4
Ne3+ 53. Kh5 Kb7 54. h3 Nd5 55. Kh6 Nf6 56. Kg7 1-0

[Event "12. Friedrichrodaer Open"]
[Site "Friedrichroda"]
[Date "2008.08.07"]
[Round "2.12"]
[White "Hansch, Torsten"]
[Black "Rößner, Uwe"]
[Result "0-1"]
[WhiteElo "2226"]
[BlackElo "1939"]
[PlyCount "88"]
[EventDate "2008.08.??"]
[EventType "swiss"]
[EventRounds "7"]
[WhiteTeam "Stendaler Schachklub e.V."]
[BlackTeam "ESV Lok Meiningen"]

1. e4 d6 2. d4 Nf6 3. Bd3 e5 4. d5 Be7 5. c4 O-O 6. Nc3 a5 7. f3 Na6 8. Be3 Nd7
9. Nge2 Bg5 10. Qd2 Bxe3 11. Qxe3 Ndc5 12. g4 h5 13. gxh5 Qh4+ 14. Kd2 f5 15.
Bc2 f4 16. Qg1 Qxh5 17. Qf2 Bh3 18. Ng1 Bd7 19. h4 Rf6 20. Nh3 Bxh3 21. Rxh3
Kf7 22. Rg1 Rh8 23. Rg4 Rg6 24. Qg2 Nd7 25. Rh2 Nf6 26. Rxg6 Qxg6 27. Qf2 Rh6
28. Bd3 Nh5 29. Bf1 Nc5 30. Bh3 Ng3 31. Kc2 Qf6 32. Nb5 Qe7 33. Qd2 Rxh4 34.
Be6+ Kf8 35. Rxh4 Qxh4 36. Qxa5 Nf1 37. a3 Qf2+ 38. Kb1 Nd2+ 39. Ka2 Nxc4 40.
Qc3 Nd3 41. Nxc7 Ndxb2 42. Ka1 Na4 43. Qb4 Qc2 44. Nb5 Nc5 0-1

[Event "12. Friedrichrodaer Open"]
[Site "Friedrichroda"]
[Date "2008.08.07"]
[Round "2.13"]
[White "Hillgaertner, Walter"]
[Black "von Bassewitz, Ingo"]
[Result "0-1"]
[WhiteElo "1999"]
[BlackElo "1678"]
[PlyCount "64"]
[EventDate "2008.08.??"]
[EventType "swiss"]
[EventRounds "7"]
[WhiteTeam "SC Bad Nauheim"]
[BlackTeam "TuS 1860 Magdeburg"]

1. Nf3 Nf6 2. c4 g6 3. g3 Bg7 4. Bg2 O-O 5. O-O c5 6. Nc3 Nc6 7. d3 a6 8. Bd2
Rb8 9. a4 d5 10. cxd5 Nxd5 11. Nxd5 Qxd5 12. Bc3 Bxc3 13. bxc3 Qh5 14. Re1 Bh3
15. Bh1 b5 16. axb5 axb5 17. Qc1 Ne5 18. Nxe5 Qxe5 19. e3 b4 20. d4 cxd4 21.
cxd4 Qd6 22. Qb2 Rfc8 23. Rec1 Rxc1+ 24. Rxc1 b3 25. e4 Qb4 26. Bg2 Bxg2 27.
Kxg2 Rd8 28. Rd1 e5 29. Rd3 Rb8 30. f3 exd4 31. h4 Qc3 32. Qb1 Qc2+ 0-1

[Event "12. Friedrichrodaer Open"]
[Site "Friedrichroda"]
[Date "2008.08.07"]
[Round "2.15"]
[White "Maczollek, Helmut"]
[Black "Zimmer, Frank"]
[Result "0-1"]
[WhiteElo "1719"]
[BlackElo "1796"]
[PlyCount "84"]
[EventDate "2008.08.??"]
[EventType "swiss"]
[EventRounds "7"]
[WhiteTeam "Schachklub Turm Lage 1926"]
[BlackTeam "SK Nürnberg 1911 - Grundig e.V."]

1. d4 f5 2. Nf3 Nf6 3. e3 d6 4. Nbd2 g6 5. Bd3 Bg7 6. O-O Nc6 7. c3 e5 8. dxe5
dxe5 9. Bc2 Be6 10. Ba4 Qd6 11. Bb3 O-O-O 12. Bxe6+ Qxe6 13. Qc2 Nd7 14. b4 Nb6
15. Bb2 Nc4 16. Qb3 b5 17. Nxc4 Qxc4 18. Qc2 Nxb4 19. Qb3 Qxb3 20. axb3 Nd3 21.
Ba3 c5 22. Ng5 Rd7 23. Ne6 Bf8 24. Rfd1 e4 25. Rd2 Bd6 26. Rad1 b4 27. cxb4
cxb4 28. Bb2 Nxb2 29. Rxb2 Bxh2+ 30. Kxh2 Rxd1 31. Rc2+ Kd7 32. Nc5+ Ke7 33.
Na6 Rd3 34. Rb2 Rhd8 35. Nxb4 Rd2 36. Rb1 Rd1 37. Rxd1 Rxd1 38. Nc6+ Kd6 39.
Nxa7 Kc5 40. Nc8 Rd7 41. b4+ Kc6 42. b5+ Kb7 0-1

[Event "12. Friedrichrodaer Open"]
[Site "Friedrichroda"]
[Date "2008.08.07"]
[Round "2.16"]
[White "Neumann, Karsten"]
[Black "Scholz, Bodo"]
[Result "0-1"]
[WhiteElo "1690"]
[BlackElo "1383"]
[PlyCount "46"]
[EventDate "2008.08.??"]
[EventType "swiss"]
[EventRounds "7"]
[WhiteTeam "TSG Neuruppin"]
[BlackTeam "SG Schweina 1949"]

1. d4 d5 2. c4 c6 3. cxd5 cxd5 4. Nf3 Nf6 5. Nc3 Nc6 6. Bf4 Bf5 7. a3 e6 8. e3
Be7 9. Bb5 O-O 10. Bxc6 bxc6 11. Nh4 Bg4 12. f3 Bh5 13. g3 Ne4 14. Ng2 Qa5 15.
Rc1 Bxa3 16. O-O Bxb2 17. Nxe4 dxe4 18. Rxc6 exf3 19. Qc2 fxg2 20. Rf2 Qa1+ 21.
Kxg2 Bg6 22. Qxb2 Qxb2 23. Rxb2 Be4+ 0-1

[Event "12. Friedrichrodaer Open"]
[Site "Friedrichroda"]
[Date "2008.08.07"]
[Round "2.17"]
[White "Hansch, Karsten"]
[Black "Losch, Marika"]
[Result "1-0"]
[WhiteElo "1581"]
[BlackElo "1276"]
[PlyCount "45"]
[EventDate "2008.08.??"]
[EventType "swiss"]
[EventRounds "7"]
[WhiteTeam "Stendaler Schachklub e.V."]
[BlackTeam "vereinslos"]

1. e4 c5 2. Nc3 a6 3. f4 e6 4. Nf3 d5 5. e5 Ne7 6. g3 Nbc6 7. Bg2 Nf5 8. O-O
Be7 9. d3 Bd7 10. Ne2 Qb6 11. Kh1 h5 12. b3 h4 13. g4 h3 14. gxf5 hxg2+ 15.
Kxg2 exf5 16. Bb2 Nd8 17. d4 Qg6+ 18. Ng3 Ne6 19. Qd2 Qh6 20. Bc1 cxd4 21. Rh1
Bc5 22. h3 Ke7 23. Nxf5+ 1-0

[Event "12. Friedrichrodaer Open"]
[Site "Friedrichroda"]
[Date "2008.08.07"]
[Round "2.18"]
[White "Kirves, Bernd"]
[Black "Hansch, Stephan"]
[Result "0-1"]
[WhiteElo "1236"]
[BlackElo "1555"]
[PlyCount "68"]
[EventDate "2008.08.??"]
[EventType "swiss"]
[EventRounds "7"]
[WhiteTeam "ZSG Grün-Weiß Waltershausen"]
[BlackTeam "Stendaler Schachklub e.V."]

1. c4 Nf6 2. d4 g6 3. e3 Bg7 4. Nf3 O-O 5. Nc3 d6 6. h3 Nbd7 7. Bd3 e5 8. Be2
Ne8 9. O-O f5 10. Qb3 Kh8 11. Qc2 e4 12. Ne1 g5 13. f3 exf3 14. Bxf3 Qf6 15.
Qe2 f4 16. Nd5 Qd8 17. Nc2 c6 18. Nc3 fxe3 19. Bxe3 h6 20. Rad1 Nef6 21. Qd3
Qc7 22. b3 Nb8 23. d5 c5 24. Ne4 Nxe4 25. Qxe4 Bf5 26. Qxf5 Rxf5 27. Bg4 Rxf1+
28. Rxf1 Na6 29. a3 Rf8 30. Re1 Qf7 31. Be2 Qg6 32. Rc1 Bb2 33. Rf1 Rxf1+ 34.
Bxf1 Qxc2 0-1

[Event "12. Friedrichrodaer Open"]
[Site "Friedrichroda"]
[Date "2008.08.07"]
[Round "2.20"]
[White "Burkhardt, Kai"]
[Black "Winter, Katharina"]
[Result "0-1"]
[WhiteElo "1172"]
[BlackElo "1486"]
[PlyCount "62"]
[EventDate "2008.08.??"]
[EventType "swiss"]
[EventRounds "7"]
[WhiteTeam "ZSG Grün-Weiß Waltershausen"]
[BlackTeam "SV Lok Engelsdorf"]

1. e4 d5 2. exd5 Qxd5 3. Nc3 Qd6 4. Nf3 Nf6 5. d4 a6 6. Bc4 b5 7. Bb3 e6 8. O-O
Bb7 9. Re1 Be7 10. Bg5 Nbd7 11. Ne5 O-O 12. Qd3 c5 13. Bxf6 Nxf6 14. dxc5 Qxc5
15. Ne4 Qxe5 16. Nxf6+ Qxf6 17. Re3 Rfd8 18. Qc3 Rac8 19. Qxf6 Bxf6 20. c3 Rd2
21. Rb1 Rcd8 22. Rg3 Bh4 23. Rh3 Bxf2+ 24. Kf1 Bb6 25. Rg3 Rf2+ 26. Ke1 Rdd2
27. Rd1 Rxd1+ 28. Bxd1 Rxb2 29. Bb3 Bf2+ 30. Kf1 Bxg3 31. hxg3 Rxg2 0-1

[Event "12. Friedrichrodaer Open"]
[Site "Friedrichroda"]
[Date "2008.08.07"]
[Round "2.21"]
[White "Jäkel, Matthias"]
[Black "Halle, Julia"]
[Result "1-0"]
[WhiteElo "1467"]
[BlackElo "900"]
[PlyCount "121"]
[EventDate "2008.08.??"]
[EventType "swiss"]
[EventRounds "7"]
[WhiteTeam "TSG Neuruppin"]
[BlackTeam "SG Burgtonna"]

1. d4 d6 2. c4 g6 3. Nc3 Bg7 4. e4 Nd7 5. Be3 Ngf6 6. f3 O-O 7. Qd2 c5 8. d5 b6
9. Nge2 Ba6 10. Ng3 Ne5 11. b3 b5 12. cxb5 Bb7 13. h4 h5 14. O-O-O Ned7 15. Be2
Qb6 16. Nf1 Bc8 17. g4 Ne5 18. gxh5 Nxh5 19. f4 Ng4 20. Nh2 Nxh2 21. Rxh2 Qd8
22. Rg1 Nf6 23. h5 Qe8 24. hxg6 fxg6 25. e5 Bf5 26. exf6 Rxf6 27. Bd3 Bxd3 28.
Qxd3 Qf7 29. Ne4 Rf5 30. Rg5 Rxg5 31. Nxg5 Qf6 32. Ne6 Qa1+ 33. Qb1 Qxb1+ 34.
Kxb1 Bf6 35. Rg2 Rb8 36. f5 Kf7 37. fxg6+ Ke8 38. g7 Bxg7 39. Nxg7+ Kd7 40. a4
a6 41. Kc2 axb5 42. axb5 Rxb5 43. Ne6 Rb7 44. Bxc5 Rb8 45. Bd4 Rc8+ 46. Kd3 Rb8
47. Rb2 Ke8 48. b4 Kd7 49. b5 Kc8 50. b6 Kb7 51. Rc2 Ka6 52. Rc7 Rb7 53. Rxb7
Kxb7 54. Nd8+ Kc8 55. Nc6 Kb7 56. Nxe7 Kb8 57. Ke4 Kb7 58. Kf5 Kb8 59. Ke6 Kb7
60. Kxd6 Kb8 61. Nf5 1-0

[Event "12. Friedrichrodaer Open"]
[Site "Friedrichroda"]
[Date "2008.08.07"]
[Round "2.22"]
[White "Töpfer, Lisette"]
[Black "Plötz, Hans-Jürgen"]
[Result "0-1"]
[WhiteElo "848"]
[BlackElo "1631"]
[PlyCount "108"]
[EventDate "2008.08.??"]
[EventType "swiss"]
[EventRounds "7"]
[WhiteTeam "ZSG Grün-Weiß Waltershausen"]
[BlackTeam "SC Bad Nauheim"]

1. e4 d6 2. g3 Nf6 3. Bg2 e5 4. Nc3 Be7 5. Nge2 Bg4 6. f3 Be6 7. O-O O-O 8. d3
c6 9. b3 Nbd7 10. Bb2 Qc7 11. Qc1 Rad8 12. Nd1 d5 13. Bc3 Nh5 14. Bd2 f5 15.
Be3 b6 16. Bg5 Nhf6 17. Bh6 gxh6 18. Qxh6 Rf7 19. Qd2 Bd6 20. Nb2 d4 21. c3 c5
22. c4 Rg7 23. Rac1 Rf8 24. h3 f4 25. g4 h5 26. gxh5 Nxh5 27. Rf2 Bxh3 28. Kf1
Bxg2+ 29. Rxg2 Rxg2 30. Kxg2 Rf7 31. Kf2 Ndf6 32. Rg1+ Rg7 33. Rxg7+ Qxg7 34.
Ke1 Qg2 35. Kd1 Qxf3 36. Kc2 Ng4 37. Nd1 Qf1 38. a4 Ne3+ 39. Nxe3 dxe3 40. Qd1
Qxd1+ 41. Kxd1 f3 42. Ke1 Nf4 43. Nxf4 exf4 44. Kf1 Be5 45. Ke1 Bc3+ 46. Kf1
e2+ 47. Kf2 e1=Q+ 48. Kxf3 Qe3+ 49. Kg4 Kf7 50. Kf5 f3 51. Kg4 f2 52. Kf5 f1=Q+
53. Kg4 Qg2+ 54. Kf5 Qef3# 0-1

[Event "12. Friedrichrodaer Open"]
[Site "Friedrichroda"]
[Date "2008.08.07"]
[Round "2.23"]
[White "Maslowski, Kai"]
[Black "Einax, Silvester"]
[Result "1-0"]
[WhiteElo "1433"]
[BlackElo "832"]
[PlyCount "53"]
[EventDate "2008.08.??"]
[EventType "swiss"]
[EventRounds "7"]
[WhiteTeam "TSG Neuruppin"]
[BlackTeam "TSG Apolda"]

1. d4 b6 2. c4 d6 3. Nc3 Bb7 4. Bf4 Nd7 5. e3 g6 6. Nf3 Ngf6 7. Be2 Bg7 8. O-O
O-O 9. b4 c5 10. bxc5 bxc5 11. d5 Rb8 12. Rb1 Re8 13. Qa4 a6 14. Rb3 Qc7 15.
Rfb1 Nh5 16. Bg3 Bxc3 17. Rxc3 Ba8 18. Rxb8 Rxb8 19. Qxa6 Rb1+ 20. Bf1 Qb7 21.
Qxb7 Bxb7 22. Rb3 Rxb3 23. axb3 e5 24. dxe6 fxe6 25. Bxd6 Bxf3 26. gxf3 e5 27.
Bh3 1-0

[Event "12. Friedrichrodaer Open"]
[Site "Friedrichroda"]
[Date "2008.08.07"]
[Round "2.24"]
[White "Schirrmeister, Laura"]
[Black "Krutsch, Thomas"]
[Result "0-1"]
[WhiteElo "823"]
[BlackElo "1433"]
[PlyCount "50"]
[EventDate "2008.08.??"]
[EventType "swiss"]
[EventRounds "7"]
[WhiteTeam "SG Burgtonna"]
[BlackTeam "SG Burgtonna"]

1. e4 c6 2. Nf3 d5 3. Bd3 Bg4 4. Nc3 e6 5. O-O Nd7 6. exd5 cxd5 7. Bb5 Ngf6 8.
d3 Bd6 9. Bg5 h6 10. Bxd7+ Kxd7 11. Be3 a6 12. Na4 Rb8 13. Ba7 Qc7 14. c4 Rbc8
15. Nb6+ Ke7 16. Re1 dxc4 17. dxc4 Kf8 18. Na4 e5 19. c5 Be7 20. Qd3 e4 21. Bb6
Qf4 22. Qe2 exf3 23. gxf3 Bxf3 24. Qe5 Qg4+ 25. Kf1 Qg2# 0-1

[Event "12. Friedrichrodaer Open"]
[Site "Friedrichroda"]
[Date "2008.08.07"]
[Round "3.1"]
[White "Gutman, Lev"]
[Black "Haase, Reinhard"]
[Result "1/2-1/2"]
[WhiteElo "2497"]
[BlackElo "2136"]
[PlyCount "132"]
[EventDate "2008.08.??"]
[EventType "swiss"]
[EventRounds "7"]
[WhiteTeam "SC Melle 03"]
[BlackTeam "SC Fulda"]

1. Nf3 Nf6 2. g3 d5 3. Bg2 g6 4. c4 c6 5. Qa4 Nbd7 6. cxd5 cxd5 7. O-O Bg7 8.
d4 O-O 9. Nc3 Nb6 10. Qb3 Ne4 11. Bf4 Nxc3 12. bxc3 Nc4 13. Ne5 Nxe5 14. dxe5
e6 15. c4 dxc4 16. Qxc4 Qa5 17. Qe4 Rb8 18. Rfc1 b5 19. a3 Bb7 20. Qb4 Qd8 21.
Rd1 a5 22. Rxd8 axb4 23. Rxb8 Rxb8 24. axb4 Bxg2 25. Kxg2 Bf8 26. Bd2 Rd8 27.
Ra2 h5 28. Kf3 Kg7 29. Ke3 g5 30. Ra7 Rb8 31. h3 Kg6 32. Rd7 Ra8 33. Rb7 Ra3+
34. Ke4 Ra2 35. Rd7 Rb2 36. Rd4 Rb3 37. f3 g4 38. hxg4 hxg4 39. e3 gxf3 40.
Kxf3 Be7 41. g4 Bf8 42. Ke2 Bg7 43. Re4 Bf8 44. Kd1 Ra3 45. Rd4 Bh6 46. Ke2 Ra4
47. Rd8 Bg7 48. Rb8 Bxe5 49. Rxb5 f6 50. Rb6 Kg5 51. Rxe6 Kxg4 52. Rc6 Kf5 53.
Kd3 Ra7 54. b5 Ra3+ 55. Kc4 Ke4 56. Ra6 Rd3 57. Ra2 f5 58. b6 Rd8 59. Kb5 Rb8
60. Bc1 Bc7 61. Ra6 Kd3 62. Kc5 Rxb6 63. Rxb6 Bxb6+ 64. Kxb6 Kc2 65. Ba3 Kd3
66. Bc5 Ke4 1/2-1/2

[Event "12. Friedrichrodaer Open"]
[Site "Friedrichroda"]
[Date "2008.08.07"]
[Round "3.2"]
[White "Rößner, Uwe"]
[Black "Langheinrich, Ferenc"]
[Result "0-1"]
[WhiteElo "1939"]
[BlackElo "2412"]
[PlyCount "46"]
[EventDate "2008.08.??"]
[EventType "swiss"]
[EventRounds "7"]
[WhiteTeam "ESV Lok Meiningen"]
[BlackTeam "SV Empor Erfurt"]

1. g3 g6 2. Bg2 Bg7 3. c4 Nf6 4. Nf3 O-O 5. O-O d5 6. cxd5 Nxd5 7. Nc3 Nc6 8.
Nxd5 Qxd5 9. d3 a5 10. Nd2 Qd8 11. Rb1 a4 12. b3 Nb4 13. Bb2 Bxb2 14. Rxb2 a3
15. Rc2 Nxc2 16. Qxc2 c6 17. Nf3 Qd6 18. Rc1 Qf6 19. Qd2 Be6 20. d4 Rfd8 21. e3
Bd5 22. Ne5 Bxg2 23. Kxg2 Qxe5 0-1

[Event "12. Friedrichrodaer Open"]
[Site "Friedrichroda"]
[Date "2008.08.07"]
[Round "3.3"]
[White "Natsidis, Christoph"]
[Black "Bohatschek, Daniel"]
[Result "1-0"]
[WhiteElo "2309"]
[BlackElo "1955"]
[PlyCount "79"]
[EventDate "2008.08.??"]
[EventType "swiss"]
[EventRounds "7"]
[WhiteTeam "SC Leipzig-Gohlis"]
[BlackTeam "ZSG Grün-Weiß Waltershausen"]

1. d4 Nf6 2. c4 g6 3. Nc3 Bg7 4. e4 d6 5. f3 O-O 6. Be3 Nc6 7. Nge2 e5 8. d5
Ne7 9. g4 Bd7 10. Qd2 Ne8 11. h4 f5 12. g5 f4 13. Bf2 c5 14. dxc6 bxc6 15. c5
Be6 16. cxd6 Qxd6 17. Rd1 Nc8 18. Na4 Qxd2+ 19. Rxd2 Nb6 20. Nc5 Bc8 21. b3 Rf7
22. Nc3 Bf8 23. Nd3 Bd6 24. Bc5 Bxc5 25. Nxc5 Nc7 26. Rd8+ Kg7 27. Rh2 Ne6 28.
Nxe6+ Bxe6 29. Rxa8 Nxa8 30. Na4 Nb6 31. Nc5 Bc8 32. Rc2 Re7 33. Ba6 Kf7 34.
Bxc8 Nxc8 35. Nd3 Re6 36. Rc5 Nd6 37. Rxe5 Nb5 38. Rxe6 Kxe6 39. Nxf4+ Ke5 40.
Ne2 1-0

[Event "12. Friedrichrodaer Open"]
[Site "Friedrichroda"]
[Date "2008.08.07"]
[Round "3.4"]
[White "Stiefel, Roland"]
[Black "Klaus, Ingo"]
[Result "1-0"]
[WhiteElo "2056"]
[BlackElo "2148"]
[PlyCount "64"]
[EventDate "2008.08.??"]
[EventType "swiss"]
[EventRounds "7"]
[WhiteTeam "ZSG Grün-Weiß Waltershausen"]
[BlackTeam "SK Engen"]

1. Nc3 e5 2. Nf3 Nc6 3. d4 exd4 4. Nxd4 Bb4 5. Qd3 Nf6 6. Bd2 O-O 7. Nxc6 bxc6
8. Qd4 a5 9. e3 d5 10. Qh4 Be7 11. Qf4 Rb8 12. Nd1 Ne4 13. Bxa5 Bd6 14. Qf3 Be5
15. Bd3 f5 16. Qe2 Rf6 17. f3 Rh6 18. Bxe4 fxe4 19. f4 Bxb2 20. Nxb2 Rxb2 21.
Bc3 Rb8 22. Be5 c5 23. Rd1 Ba6 24. Qd2 Bc4 25. g3 Qd7 26. Qg2 Qa4 27. Qd2 Qxa2
28. Kf2 Qa7 29. Qc3 Rg6 30. h4 Qb7 31. f5 Rg4 32. Bf4 Qc8 1-0

[Event "12. Friedrichrodaer Open"]
[Site "Friedrichroda"]
[Date "2008.08.07"]
[Round "3.5"]
[White "Wüst, Michael"]
[Black "Stümer, Paul"]
[Result "1/2-1/2"]
[WhiteElo "2041"]
[BlackElo "2170"]
[PlyCount "77"]
[EventDate "2008.08.??"]
[EventType "swiss"]
[EventRounds "7"]
[WhiteTeam "PTSV SK Hof 1892"]
[BlackTeam "Schachverein Bergneustadt/Dersch"]

1. d4 Nf6 2. c4 g6 3. Nc3 Bg7 4. e4 d6 5. f3 O-O 6. Be3 Nc6 7. Qd2 a6 8. Nge2
Rb8 9. Nc1 e5 10. Nb3 Nh5 11. O-O-O Re8 12. g4 exd4 13. Nxd4 Nxd4 14. Bxd4 Bxd4
15. Qxd4 Nf4 16. h4 Qe7 17. Nd5 Nxd5 18. cxd5 c5 19. Qd2 b5 20. g5 Bd7 21. Bh3
c4 22. Bxd7 Qxd7 23. Qf4 b4 24. Kb1 b3 25. a3 c3 26. bxc3 b2 27. h5 Rb3 28. Qf6
Rxa3 29. h6 Ra1+ 30. Kxb2 Rb8+ 31. Kc2 Ra2+ 32. Kd3 Qb5+ 33. Ke3 Qb6+ 34. Kf4
Kf8 35. Qg7+ Ke7 36. Qf6+ Ke8 37. Qh8+ Kd7 38. Qf6 Ke8 39. Qh8+ 1/2-1/2

[Event "12. Friedrichrodaer Open"]
[Site "Friedrichroda"]
[Date "2008.08.07"]
[Round "3.6"]
[White "Stadtmueller, Harald"]
[Black "Heß, Jürgen"]
[Result "1/2-1/2"]
[WhiteElo "2192"]
[BlackElo "2034"]
[PlyCount "112"]
[EventDate "2008.08.??"]
[EventType "swiss"]
[EventRounds "7"]
[WhiteTeam "VSG 1880 Offenbach"]
[BlackTeam "ESV Lok Sömmerda"]

1. d4 Nf6 2. Nf3 d5 3. Bf4 e6 4. e3 c5 5. c3 Nc6 6. Nbd2 Bd6 7. Bg3 O-O 8. Bd3
Re8 9. Ne5 Qc7 10. f4 g6 11. O-O Nh5 12. Bh4 Be7 13. Bf2 Nxe5 14. fxe5 f5 15.
g4 fxg4 16. Qxg4 Rf8 17. Nf3 Bd7 18. Bh4 Rf7 19. Ng5 Bxg5 20. Rxf7 Bxe3+ 21.
Bf2 Kxf7 22. Bxe3 Rf8 23. Bh6 Ng7 24. Rf1+ Kg8 25. Rxf8+ Kxf8 26. Qf4+ Kg8 27.
Qf6 Bc8 28. Bxg7 Qxg7 29. Qd8+ Qf8 30. Qxf8+ Kxf8 31. dxc5 Bd7 32. Kf2 a6 33.
Ke3 Bb5 34. Bc2 Bf1 35. h4 Bh3 36. Bd3 Bf5 37. Be2 h6 38. Kf4 Ke7 39. Bd1 Bb1
40. a4 Kd7 41. a5 Kc6 42. b4 Kb5 43. Be2+ Kc6 44. Ke3 Bc2 45. Kd4 Bf5 46. Bf3
Kc7 47. c4 dxc4 48. Kxc4 g5 49. hxg5 hxg5 50. Kd4 Bb1 51. Ke3 Ba2 52. Kf2 Bd5
53. Be2 Kc6 54. Kg3 Be4 55. Bc4 Bd5 56. Bd3 Bh1 1/2-1/2

[Event "12. Friedrichrodaer Open"]
[Site "Friedrichroda"]
[Date "2008.08.07"]
[Round "3.7"]
[White "Horatschek, Stefan"]
[Black "Anschütz, Mario"]
[Result "1-0"]
[WhiteElo "2061"]
[BlackElo "2009"]
[PlyCount "61"]
[EventDate "2008.08.??"]
[EventType "swiss"]
[EventRounds "7"]
[WhiteTeam "SV Jenapharm Jena"]
[BlackTeam "ZSG Grün-Weiß Waltershausen"]

1. Nf3 e6 2. g3 d5 3. Bg2 Bd6 4. O-O f5 5. d3 Nf6 6. Nbd2 O-O 7. e4 dxe4 8.
dxe4 e5 9. exf5 Bxf5 10. Ng5 c6 11. c3 Qc7 12. Qb3+ Kh8 13. Ne6 Bxe6 14. Qxe6
Re8 15. Qc4 Nbd7 16. Ne4 Nxe4 17. Qxe4 Nf6 18. Qe2 Re7 19. Bg5 h6 20. Bxf6 gxf6
21. Qh5 Rf8 22. Rad1 e4 23. Bxe4 Rxe4 24. Rxd6 Qh7 25. Rd7 Qxd7 26. Qxh6+ Kg8
27. Qg6+ Kh8 28. Qxe4 Re8 29. Qg6 Qe6 30. Rd1 b5 31. Rd4 1-0

[Event "12. Friedrichrodaer Open"]
[Site "Friedrichroda"]
[Date "2008.08.07"]
[Round "3.8"]
[White "von Bassewitz, Ingo"]
[Black "Michalowski, Peter"]
[Result "0-1"]
[WhiteElo "1678"]
[BlackElo "2038"]
[PlyCount "56"]
[EventDate "2008.08.??"]
[EventType "swiss"]
[EventRounds "7"]
[WhiteTeam "TuS 1860 Magdeburg"]
[BlackTeam "SV Empor Erfurt"]

1. Nf3 Nf6 2. b4 c6 3. e3 d5 4. Bb2 Bf5 5. c4 e6 6. Nh4 Bg4 7. Qa4 dxc4 8. b5
Nd5 9. bxc6 Nxc6 10. Nf3 Nb6 11. Qb5 a6 12. Qg5 Bxf3 13. Qxd8+ Rxd8 14. gxf3
Na4 15. Ba3 Bxa3 16. Nxa3 b5 17. O-O-O Nb4 18. Kb1 Nc3+ 19. dxc3 Rxd1+ 20. Kb2
Nd3+ 21. Bxd3 Rxh1 22. Be4 Rxh2 23. Bb7 Rxf2+ 24. Kb1 h5 25. Bxa6 h4 26. Bxb5+
Ke7 27. Nxc4 h3 28. f4 Rb8 0-1

[Event "12. Friedrichrodaer Open"]
[Site "Friedrichroda"]
[Date "2008.08.07"]
[Round "3.9"]
[White "Seifart, Mario"]
[Black "Bauer, Andreas"]
[Result "1/2-1/2"]
[WhiteElo "1992"]
[BlackElo "1986"]
[PlyCount "52"]
[EventDate "2008.08.??"]
[EventType "swiss"]
[EventRounds "7"]
[WhiteTeam "SC Tempo Göttingen"]
[BlackTeam "SC Emmendingen 1937 e.V."]

1. d4 f5 2. Bg5 h6 3. Bh4 g5 4. Bg3 Nf6 5. Be5 e6 6. h4 g4 7. Nc3 d6 8. Bxf6
Qxf6 9. e4 c6 10. Qd3 Bg7 11. O-O-O O-O 12. exf5 exf5 13. d5 c5 14. f4 Na6 15.
Kb1 Bd7 16. Qd2 Nc7 17. Re1 b5 18. Nge2 b4 19. Nd1 a5 20. Nc1 a4 21. c4 bxc3
22. Qxc3 Qf7 23. Qc2 Rfb8 24. Re3 Rb4 25. Bc4 Bd4 26. Nd3 Rbb8 1/2-1/2